000
00321nam a22001457a 4500
008
221006b ||||| |||| 00| 0 eng d
020
_a
0070557950
041
_a
eng
080
_2
4TH EDITION
_a
61
082
_a
61 SCH
100
_a
5
101
_a
MJEK
245
_a
PRINCIPLES OF SURGERY
_c
SHWARTZ
942
_2
udc
_c
BK
999
_c
58392
_d
58392